000
00296nam a22001337a 4500
008
170524b xxu||||| |||| 00| 0 eng d
020
_a
3110078368
041
_a
GER
080
_a
62
100
_a
26
101
_a
IM
245
_a
EINFUHRUNG IN SOFTWARE ENGINEERING
_c
KIMM, R
942
_2
udc
_c
BK
999
_c
13978
_d
13978